[Event "1. Bundesliga 2017/2018"]
[Site "St.Veit/Glan"]
[Date "2018.04.05"]
[Round "9"]
[Board "3"]
[White "Henrichs, Thomas"]
[Black "Naumann, Alexander"]
[Result "0-1"]
[WhiteElo "2476"]
[BlackElo "2551"]
[PlyCount "74"]
[EventDate "2017.11.16"]
[EventType "team"]
[EventRounds "11"]
[EventCountry "AUT"]
[WhiteTeam "SK Hohenems"]
[BlackTeam "SC MPOE Maria Saal"]

1.d4 Nf6 2.c4 g6 3.Nc3 Bg7 4.e4 d6 5.Nf3 O-O 6.Be2 e5 7.O-O Nc6 8.d5 Ne7 9.Ne1 Nd7
10.Be3 f5 11.f3 f4 12.Bf2 g5 13.Rc1 Rf6 14.Nd3 b6 15.b4 a6 16.c5 Qe8 17.c6 Nf8 18.b5
Rh6 19.Kh1 a5 20.Na4 Kh8 21.g4 fxg3 22.Bxg3 Nfg6 23.Ndb2 Nf4 24.Nc4 Rb8 25.Qd2 Qh5
26.Bd1 Qh3 27.Rg1 Ng8 28.Rc2 Nf6 29.Nxe5 dxe5 30.d6 Be6 31.Nxb6 cxb6 32.Bxf4 gxf4
33.d7 Bxd7 34.Qd6 Rg8 35.cxd7 Nxd7 36.Qe7 Nc5 37.Rd2 Qe6  0-1

[Event "1. Bundesliga 2017/2018"]
[Site "St.Veit/Glan"]
[Date "2018.04.05"]
[Round "9"]
[Board "4"]
[White "Buhmann, Rainer"]
[Black "Froewis, Georg"]
[Result "1/2-1/2"]
[WhiteElo "2589"]
[BlackElo "2438"]
[PlyCount "110"]
[EventDate "2017.11.16"]
[EventType "team"]
[EventRounds "11"]
[EventCountry "AUT"]
[WhiteTeam "SC MPOE Maria Saal"]
[BlackTeam "SK Hohenems"]

1.d4 d5 2.c4 e6 3.Nf3 Nf6 4.Nc3 c6 5.Bg5 dxc4 6.e4 b5 7.e5 h6 8.Bh4 g5 9.Nxg5 hxg5
10.Bxg5 Nbd7 11.exf6 Bb7 12.g3 c5 13.d5 Nxf6 14.Bg2 Be7 15.O-O Nxd5 16.Bxe7 Kxe7 17.Qe1
Rh5 18.Rd1 Qd6 19.Nxb5 Qb6 20.Nc3 Nf6 21.Bxb7 Qxb7 22.f3 Qxb2 23.Rf2 Qb7 24.Qe2 Nd5
25.Rb1 Qa6 26.Ne4 Nb4 27.f4 Rd5 28.Qb2 Rad8 29.Qf6+ Ke8 30.Rbf1 Rf5 31.Qh8+ Kd7 32.Qg7
Nd3 33.Rc2 Kc8 34.g4 Rxf4 35.Rxf4 Nxf4 36.Qxf7 Qa4 37.Qb7+ Kxb7 38.Nxc5+ Kc6 39.Nxa4
Kb5 40.Nc3+ Kb4 41.Kf2 Rd3 42.Ne2 Nh3+ 43.Ke1 c3 44.Nc1 Rd4 45.Ne2 Rd3 46.Nc1 Rf3
47.Rg2 Nf4 48.Rg3 Rxg3 49.hxg3 Ng6 50.Kd1 Kc4 51.Ne2 e5 52.Kc2 e4 53.g5 e3 54.Nxc3
Kd4 55.a4 a5  1/2-1/2

[Event "1. Bundesliga 2017/2018"]
[Site "St.Veit/Glan"]
[Date "2018.04.05"]
[Round "9"]
[Board "5"]
[White "Atlas, Valery"]
[Black "Halvax, Georg"]
[Result "0-1"]
[WhiteElo "2456"]
[BlackElo "2434"]
[PlyCount "70"]
[EventDate "2017.11.16"]
[EventType "team"]
[EventRounds "11"]
[EventCountry "AUT"]
[WhiteTeam "SK Hohenems"]
[BlackTeam "SC MPOE Maria Saal"]

1.e4 c5 2.Nf3 e6 3.d4 cxd4 4.Nxd4 Nf6 5.Nc3 Nc6 6.g3 d5 7.exd5 Nxd5 8.Nxc6 bxc6 9.Ne4
Qc7 10.Qe2 f5 11.Nd2 Be7 12.Bg2 O-O 13.O-O Bf6 14.Re1 e5 15.Nb3 Be6 16.Nc5 Bf7 17.c4
Nb6 18.b3 Qe7 19.Ba3 e4 20.Rad1 Rfd8 21.Qe3 Rxd1 22.Rxd1 Rd8 23.Rxd8+ Qxd8 24.Qc1
Bg5 25.Qe1 Qd4 26.h4 Bd2 27.Qe2 e3 28.fxe3 Bxe3+ 29.Kh2 f4 30.Qg4 h5 31.Qf5 Qd6 32.Kh3
fxg3 33.Bb4 a5 34.Ba3 g6 35.Qd3 Be6+  0-1

[Event "1. Bundesliga 2017/2018"]
[Site "St.Veit/Glan"]
[Date "2018.04.05"]
[Round "9"]
[Board "6"]
[White "Kreisl, Robert"]
[Black "Baenziger, Fabian"]
[Result "1/2-1/2"]
[WhiteElo "2406"]
[BlackElo "2365"]
[PlyCount "52"]
[EventDate "2017.11.16"]
[EventType "team"]
[EventRounds "11"]
[EventCountry "AUT"]
[WhiteTeam "SC MPOE Maria Saal"]
[BlackTeam "SK Hohenems"]

1.e4 c5 2.Nf3 Nc6 3.Bb5 d6 4.O-O Bd7 5.Re1 a6 6.Bxc6 Bxc6 7.d4 cxd4 8.Nxd4 Rc8 9.c4
Nf6 10.Nc3 e6 11.b3 Be7 12.Bb2 O-O 13.Qd2 b6 14.Nxc6 Rxc6 15.Rad1 Qb8 16.a4 Rc7 17.Ba3
Rd8 18.Re3 Rcd7 19.Qe2 Qb7 20.Red3 Bf8 21.h3 h6 22.Qe3 Qc6 23.R1d2 Qb7 24.Rd1 Qc6
25.R1d2 Qb7 26.Rd1 Qc6  1/2-1/2

[Event "1. Bundesliga 2017/2018"]
[Site "St.Veit/Glan"]
[Date "2018.04.06"]
[Round "10"]
[Board "1"]
[White "Dragnev, Valentin"]
[Black "Ragger, Markus"]
[Result "1/2-1/2"]
[WhiteElo "2482"]
[BlackElo "2673"]
[PlyCount "141"]
[EventDate "2017.11.16"]
[EventType "team"]
[EventRounds "11"]
[EventCountry "AUT"]
[WhiteTeam "mpimmo Wien - SK Ottakring"]
[BlackTeam "SC MPOE Maria Saal"]

1.d4 Nf6 2.c4 g6 3.Nc3 d5 4.Nf3 Bg7 5.cxd5 Nxd5 6.e4 Nxc3 7.bxc3 c5 8.Bb5+ Bd7 9.Be2
cxd4 10.cxd4 Bc6 11.Qd3 Nd7 12.Rb1 O-O 13.O-O Rc8 14.Be3 a6 15.d5 Bb5 16.Qd1 Bxe2
17.Qxe2 b5 18.Rfc1 Qa5 19.Nd4 Ne5 20.Bf4 Rxc1+ 21.Rxc1 Qa3 22.Rd1 Nc4 23.Nc6 Qc5 24.Bg5
Bf6 25.Bh6 Bg7 26.Bg5 Bf6 27.Bh6 Bg7 28.Bd2 Nxd2 29.Qxd2 e6 30.Qe3 Qd6 31.h3 exd5
32.exd5 Bf6 33.Qb6 Re8 34.Qxa6 Qc5 35.Qa7 Qc2 36.Rf1 Kg7 37.Nd4 Qd2 38.Ne6+ Kg8 39.Qd7
Rb8 40.Qc7 Ra8 41.Qc6 Rb8 42.Nc5 Bd4 43.Nb3 Qf4 44.Qc1 Be5 45.Qxf4 Bxf4 46.Rd1 Kf8
47.g3 Bd6 48.Nd4 b4 49.Kg2 Ke8 50.Kf3 Kd7 51.Nb3 Rc8 52.Rc1 Re8 53.Nc5+ Bxc5 54.Rxc5
Ra8 55.Rb5 Ra3+ 56.Kg2 Kd6 57.Rxb4 Kxd5 58.g4 Rxa2 59.Rb8 Ke6 60.Rh8 h5 61.gxh5 gxh5
62.Rxh5 Kf6 63.Kg3 Ra3+ 64.f3 Ra1 65.Kg4 Rg1+ 66.Kf4 Rh1 67.h4 Kg6 68.Rg5+ Kf6 69.Rg4
Rh3 70.Ke4 Rh1 71.Rf4+  1/2-1/2

[Event "1. Bundesliga 2017/2018"]
[Site "St.Veit/Glan"]
[Date "2018.04.06"]
[Round "10"]
[Board "2"]
[White "Predojevic, Borki"]
[Black "Schneider-Zinner, Harald"]
[Result "1/2-1/2"]
[WhiteElo "2640"]
[BlackElo "2408"]
[PlyCount "143"]
[EventDate "2017.11.16"]
[EventType "team"]
[EventRounds "11"]
[EventCountry "AUT"]
[WhiteTeam "SC MPOE Maria Saal"]
[BlackTeam "mpimmo Wien - SK Ottakring"]

1.e4 e6 2.d4 d5 3.Nd2 c5 4.Ngf3 cxd4 5.Nxd4 Nc6 6.Bb5 Bd7 7.Nxc6 bxc6 8.Bd3 Bd6 9.Qe2
Ne7 10.e5 Bc7 11.O-O Ng6 12.f4 O-O 13.Nf3 f6 14.c4 Qe7 15.Bd2 fxe5 16.Bxg6 hxg6 17.Nxe5
Bxe5 18.Qxe5 Rf5 19.Qe3 Raf8 20.cxd5 cxd5 21.Qxa7 g5 22.a3 Qf7 23.h3 gxf4 24.Rxf4
e5 25.Rxf5 Qxf5 26.Bb4 Rf6 27.Re1 Kh7 28.Qe3 Rg6 29.Qxe5 Qxh3 30.Qh2 Qxh2+ 31.Kxh2
d4 32.Re4 Bc6 33.Rh4+ Kg8 34.g3 Re6 35.Rxd4 Re2+ 36.Kh3 Rxb2 37.Rd6 Ba4 38.Kg4 Rf2
39.Kg5 Kh7 40.g4 Rf1 41.Rd4 Rd1 42.Bd2 Bc2 43.Kf4 Kg6 44.Ke5 Ra1 45.Rd6+ Kf7 46.Ra6
Rd1 47.Be3 g5 48.Rf6+ Kg7 49.Rc6 Re1 50.Kd4 Rd1+ 51.Ke5 Re1 52.Kd4 Rd1+ 53.Kc4 Bd3+
54.Kb4 Be2 55.Rc5 Rb1+ 56.Ka4 Kf6 57.Rxg5 Bd1+ 58.Ka5 Rb3 59.Rf5+ Ke6 60.Bc5 Bxg4
61.Rg5 Be2 62.Bb4 Re3 63.Kb6 Bd1 64.Rg6+ Kf5 65.Rg1 Re6+ 66.Kc5 Re5+ 67.Kd4 Re4+ 68.Kd3
Be2+ 69.Kd2 Ke6 70.Re1 Kd7 71.Rxe2 Rxe2+ 72.Kxe2  1/2-1/2

[Event "1. Bundesliga 2017/2018"]
[Site "St.Veit/Glan"]
[Date "2018.04.06"]
[Round "10"]
[Board "3"]
[White "Blohberger, Felix"]
[Black "Naumann, Alexander"]
[Result "1/2-1/2"]
[WhiteElo "2429"]
[BlackElo "2551"]
[PlyCount "114"]
[EventDate "2017.11.16"]
[EventType "team"]
[EventRounds "11"]
[EventCountry "AUT"]
[WhiteTeam "mpimmo Wien - SK Ottakring"]
[BlackTeam "SC MPOE Maria Saal"]

1.c4 e5 2.Nc3 Bb4 3.Qc2 Nf6 4.Nf3 Nc6 5.e3 Bxc3 6.Qxc3 Qe7 7.d4 Ne4 8.Qd3 exd4 9.Nxd4
Qb4+ 10.Ke2 Nc5 11.Nxc6 bxc6 12.Qc2 d5 13.b3 O-O 14.f3 Re8 15.Bd2 Qb6 16.Kf2 a5 17.Rc1
Ne6 18.Bd3 h6 19.Bf5 d4 20.c5 dxe3+ 21.Bxe3 Qb4 22.Bh7+ Kh8 23.Be4 Nd4 24.Qb2 Nf5
25.Rc4 Qb5 26.Bxf5 Bxf5 27.Bxh6 f6 28.a4 Qb7 29.Be3 Rab8 30.b4 axb4 31.Rh4+ Kg8 32.g4
Bg6 33.g5 Qc8 34.Rxb4 Qe6 35.Re1 Rxb4 36.Qxb4 Qh3 37.Qf4 fxg5 38.Qg3 Qe6 39.Qxg5 Qa2+
40.Re2 Qb1 41.Rd2 Bd3 42.Qg1 Qxg1+ 43.Kxg1 Rxe3 44.Kf2 Re5 45.Rxd3 Rxc5 46.Ra3 Ra5
47.Ke3 Kf7 48.Kd4 Ke6 49.Kc4 Kd7 50.Kb4 Rh5 51.a5 Kc8 52.a6 Kb8 53.a7+ Ka8 54.Ra6
Rxh2 55.Rxc6 Rf2 56.Rxc7 Rxf3 57.Rxg7 Rf5  1/2-1/2

[Event "1. Bundesliga 2017/2018"]
[Site "St.Veit/Glan"]
[Date "2018.04.06"]
[Round "10"]
[Board "4"]
[White "Buhmann, Rainer"]
[Black "Steindl, Johannes"]
[Result "1-0"]
[WhiteElo "2589"]
[BlackElo "2185"]
[PlyCount "77"]
[EventDate "2017.11.16"]
[EventType "team"]
[EventRounds "11"]
[EventCountry "AUT"]
[WhiteTeam "SC MPOE Maria Saal"]
[BlackTeam "mpimmo Wien - SK Ottakring"]

1.Nf3 Nf6 2.c4 g6 3.Nc3 Bg7 4.e4 d6 5.d4 O-O 6.Be3 c5 7.h3 Na6 8.Be2 b6 9.O-O Bb7
10.d5 Nc7 11.Qc2 e6 12.Rfe1 exd5 13.exd5 b5 14.b3 Re8 15.Rad1 Rb8 16.Bg5 bxc4 17.bxc4
h6 18.Bf4 Bc8 19.Bd3 Rxe1+ 20.Rxe1 Nfe8 21.Bd2 Bd7 22.Rb1 Kh7 23.Rxb8 Qxb8 24.g4 Qc8
25.Nh4 Qd8 26.Ng2 Na6 27.a3 Qb6 28.Nf4 Qd8 29.Kg2 Qf6 30.Nh5 Qh4 31.Nxg7 Nxg7 32.Bf4
h5 33.Bg3 Qe7 34.Qe2 Qxe2 35.Bxe2 hxg4 36.hxg4 Ne8 37.Ne4 f5 38.Nxd6 Nf6 39.g5  1-0

[Event "1. Bundesliga 2017/2018"]
[Site "St.Veit/Glan"]
[Date "2018.04.06"]
[Round "10"]
[Board "5"]
[White "Steiner, Adam"]
[Black "Halvax, Georg"]
[Result "0-1"]
[WhiteElo "2188"]
[BlackElo "2434"]
[PlyCount "104"]
[EventDate "2017.11.16"]
[EventType "team"]
[EventRounds "11"]
[EventCountry "AUT"]
[WhiteTeam "mpimmo Wien - SK Ottakring"]
[BlackTeam "SC MPOE Maria Saal"]

1.e4 d6 2.d4 Nf6 3.Nc3 g6 4.f4 Bg7 5.Nf3 c5 6.Bb5+ Bd7 7.e5 Ng4 8.e6 Bxb5 9.exf7+
Kd7 10.Nxb5 Qa5+ 11.Nc3 cxd4 12.Nxd4 h5 13.h3 Nc6 14.Nde2 Nh6 15.Be3 Raf8 16.a3 Qf5
17.O-O Qxf7 18.Qd3 Qf5 19.Ne4 Kc8 20.Nd4 Bxd4 21.Bxd4 Rhg8 22.Rad1 Qd5 23.Qf3 Nxd4
24.Qc3+ Qc6 25.Rxd4 Qxc3 26.Nxc3 Nf5 27.Rd3 h4 28.Ne4 Kd7 29.c4 Kc6 30.Ng5 Ng3 31.Re1
Rxf4 32.c5 Rgf8 33.Rxg3 hxg3 34.Ne6 dxc5 35.Nxf8 Rxf8 36.Re6+ Kd5 37.Rxe7 b5 38.Re3
Rf2 39.b3 Ra2 40.Rd3+ Ke4 41.Rxg3 Rxa3 42.Rxg6 Rxb3 43.h4 c4 44.h5 Rb1+ 45.Kh2 Rf1
46.h6 Rf8 47.g4 Rh8 48.Kg3 b4 49.g5 b3 50.Re6+ Kf5 51.Rc6 b2 52.Rc5+ Kg6  0-1

[Event "1. Bundesliga 2017/2018"]
[Site "St.Veit/Glan"]
[Date "2018.04.06"]
[Round "10"]
[Board "6"]
[White "Kreisl, Robert"]
[Black "Bauer, Thomas"]
[Result "1/2-1/2"]
[WhiteElo "2406"]
[BlackElo "2149"]
[PlyCount "80"]
[EventDate "2017.11.16"]
[EventType "team"]
[EventRounds "11"]
[EventCountry "AUT"]
[WhiteTeam "SC MPOE Maria Saal"]
[BlackTeam "mpimmo Wien - SK Ottakring"]

1.Nf3 Nf6 2.g3 g6 3.Bg2 Bg7 4.O-O O-O 5.d4 d6 6.a4 a5 7.Nc3 Na6 8.e4 Nb4 9.Re1 c6
10.h3 Qc7 11.Be3 Re8 12.Qd2 Bd7 13.e5 dxe5 14.dxe5 Nfd5 15.Bh6 Bf5 16.Bxg7 Kxg7 17.Nd4
Qc8 18.g4 Be6 19.f4 c5 20.Nxe6+ fxe6 21.Nxd5 Nxd5 22.Bxd5 exd5 23.Qxd5 Rd8 24.Qf3
Rd4 25.c3 Rd2 26.Re2 Rxe2 27.Qxe2 Qc6 28.f5 Rd8 29.Rf1 gxf5 30.gxf5 Kh8 31.f6 Qe6
32.fxe7 Qxe7 33.e6 Qg5+ 34.Kh1 Qd5+ 35.Kh2 Qd6+ 36.Kh1 Qd5+ 37.Kh2 Qd6+ 38.Kh1 Qd5+
39.Kh2 Qd6+ 40.Kh1 Qd5+  1/2-1/2

[Event "1. Bundesliga 2017/2018"]
[Site "St.Veit/Glan"]
[Date "2018.04.06"]
[Round "10"]
[Board "1"]
[White "Rubil, Marko"]
[Black "Bindrich, Falko"]
[Result "0-1"]
[WhiteElo "2231"]
[BlackElo "2588"]
[PlyCount "102"]
[EventDate "2017.11.16"]
[EventType "team"]
[EventRounds "11"]
[EventCountry "AUT"]
[WhiteTeam "ASVOE Pamhagen"]
[BlackTeam "SK Hohenems"]

1.e4 e5 2.Nf3 Nc6 3.Bb5 a6 4.Ba4 Nf6 5.O-O Be7 6.Re1 b5 7.Bb3 d6 8.c3 O-O 9.h3 Nb8
10.d3 Nbd7 11.Nbd2 Bb7 12.Nf1 h6 13.Ng3 Re8 14.Nf5 Bf8 15.Nh2 Nc5 16.Bc2 d5 17.Qf3
a5 18.Ng4 Nxg4 19.hxg4 a4 20.a3 Nb3 21.Bxb3 axb3 22.Qg3 f6 23.Qe3 c5 24.c4 dxc4 25.dxc4
bxc4 26.Bd2 Qd3 27.f3 Red8 28.Bc3 Qd7 29.Qe2 Qe6 30.Rad1 Ba6 31.Ne3 Rd3 32.Rd2 Rad8
33.Red1 Qf7 34.Nd5 Rd7 35.Nb6 Rb7 36.Nd5 h5 37.g5 fxg5 38.Bxe5 Qe6 39.Bc3 Bd6 40.e5
Bf8 41.Qe4 Rf7 42.Ne3 Rf4 43.Qa8 g4 44.fxg4 Rxe3 45.Rd6 Qxg4 46.Qd5+ Kh7 47.Rxa6 Re2
48.Rf1 Rfe4 49.Rf2 Rxf2 50.Kxf2 Qf4+ 51.Kg1 Qe3+  0-1

[Event "1. Bundesliga 2017/2018"]
[Site "St.Veit/Glan"]
[Date "2018.04.06"]
[Round "10"]
[Board "2"]
[White "Rozentalis, Eduardas"]
[Black "Horvath, Dominik"]
[Result "1/2-1/2"]
[WhiteElo "2518"]
[BlackElo "2383"]
[PlyCount "72"]
[EventDate "2017.11.16"]
[EventType "team"]
[EventRounds "11"]
[EventCountry "AUT"]
[WhiteTeam "SK Hohenems"]
[BlackTeam "ASVOE Pamhagen"]

1.e4 e5 2.Nf3 Nc6 3.Bb5 a6 4.Bxc6 dxc6 5.Nc3 f6 6.d4 exd4 7.Nxd4 c5 8.Nde2 Qxd1+ 9.Nxd1
Bd7 10.Bf4 O-O-O 11.Ne3 Ne7 12.O-O-O g5 13.Bg3 Bg7 14.h4 h6 15.Nc3 Be6 16.Rxd8+ Rxd8
17.hxg5 fxg5 18.a3 Rh8 19.Ncd5 Nxd5 20.Nxd5 Bxd5 21.exd5 Re8 22.d6 cxd6 23.Bxd6 b6
24.g4 Re6 25.Bg3 Kd7 26.c3 Kc6 27.Kd2 b5 28.b3 Kd5 29.Rd1 Kc6 30.Kd3 Re7 31.c4 Bd4
32.Rh1 Re6 33.Rd1 Re7 34.Rd2 Be5 35.Bxe5 Rxe5 36.f3 Re6  1/2-1/2

[Event "1. Bundesliga 2017/2018"]
[Site "St.Veit/Glan"]
[Date "2018.04.06"]
[Round "10"]
[Board "3"]
[White "Kuthan, Andreas"]
[Black "Baldauf, Marco"]
[Result "0-1"]
[WhiteElo "2194"]
[BlackElo "2481"]
[PlyCount "102"]
[EventDate "2017.11.16"]
[EventType "team"]
[EventRounds "11"]
[EventCountry "AUT"]
[WhiteTeam "ASVOE Pamhagen"]
[BlackTeam "SK Hohenems"]

1.e4 c5 2.c3 Nf6 3.e5 Nd5 4.d4 cxd4 5.Nf3 Nc6 6.cxd4 d6 7.Bc4 dxe5 8.Bxd5 Qxd5 9.Nc3
Qd6 10.d5 Nd4 11.Nxd4 exd4 12.Qxd4 e5 13.Qc4 Bd7 14.O-O Be7 15.f4 exf4 16.Bxf4 Qc5+
17.Qxc5 Bxc5+ 18.Kh1 O-O 19.Ne4 Rfc8 20.Nxc5 Rxc5 21.Rfd1 Rc2 22.Rd2 Rc4 23.Be5 Re8
24.Bc3 f6 25.Kg1 Kf7 26.Rdd1 Bg4 27.Rd4 Rxd4 28.Bxd4 Rd8 29.Bxa7 Rxd5 30.Be3 Bd7 31.Kf2
Bc6 32.Rc1 Rf5+ 33.Kg1 Re5 34.Rc3 g5 35.Kf2 h6 36.Rc5 Re4 37.Rc3 f5 38.Rc5 f4 39.Bd2
Rd4 40.Bc3 Rd1 41.h4 Kg6 42.hxg5 hxg5 43.Re5 Rd3 44.Kg1 Rg3 45.Re2 f3 46.Kh2 fxg2
47.Bd4 Rd3 48.Bf2 Kf5 49.b4 g4 50.Re3 Rd7 51.Bg1 Kf4  0-1

[Event "1. Bundesliga 2017/2018"]
[Site "St.Veit/Glan"]
[Date "2018.04.06"]
[Round "10"]
[Board "4"]
[White "Froewis, Georg"]
[Black "Prinzjakowitsch, Bernhard"]
[Result "1-0"]
[WhiteElo "2438"]
[BlackElo "2114"]
[PlyCount "79"]
[EventDate "2017.11.16"]
[EventType "team"]
[EventRounds "11"]
[EventCountry "AUT"]
[WhiteTeam "SK Hohenems"]
[BlackTeam "ASVOE Pamhagen"]

1.Nf3 Nf6 2.c4 g6 3.Nc3 Bg7 4.e4 d6 5.d4 c5 6.Be2 O-O 7.O-O cxd4 8.Nxd4 Nc6 9.Be3
Ne5 10.f3 Bd7 11.Qd2 h5 12.Rfd1 Rc8 13.b3 a6 14.Rac1 Ne8 15.Nc2 Kh7 16.Nd5 f5 17.Bb6
Nc7 18.f4 Bh6 19.Nce3 fxe4 20.Nxc7 Rxc7 21.fxe5 dxe5 22.Rc3 Rf6 23.Bxc7 Qxc7 24.Qxd7
Qc5 25.Qd2 Rd6 26.Qc1 Rd4 27.g3 e6 28.Kg2 b6 29.Re1 h4 30.Bf1 Qf8 31.Be2 Qc5 32.a3
a5 33.b4 axb4 34.axb4 Qxb4 35.c5 bxc5 36.Rxc5 h3+ 37.Kxh3 Rd7 38.Rc7 Qe7 39.Rxd7 Qxd7
40.Ng4  1-0

[Event "1. Bundesliga 2017/2018"]
[Site "St.Veit/Glan"]
[Date "2018.04.06"]
[Round "10"]
[Board "5"]
[White "Horvath, Maria"]
[Black "Atlas, Valery"]
[Result "0-1"]
[WhiteElo "1980"]
[BlackElo "2456"]
[PlyCount "70"]
[EventDate "2017.11.16"]
[EventType "team"]
[EventRounds "11"]
[EventCountry "AUT"]
[WhiteTeam "ASVOE Pamhagen"]
[BlackTeam "SK Hohenems"]

1.d4 Nf6 2.Nf3 b6 3.e3 Bb7 4.Bd3 g6 5.b3 Bg7 6.Bb2 O-O 7.Nbd2 c5 8.O-O d6 9.Qe2 a6
10.c4 e6 11.Rad1 Nbd7 12.Rfe1 Qc7 13.Bb1 Rad8 14.a3 Rfe8 15.b4 e5 16.d5 Bc8 17.Nf1
Nf8 18.h3 h5 19.e4 N6h7 20.Ne3 Bh6 21.Nd2 Qe7 22.bxc5 bxc5 23.Bc3 Bd7 24.Bc2 Ng5 25.Rb1
Rb8 26.Rxb8 Rxb8 27.Rb1 Rxb1+ 28.Bxb1 h4 29.Bd3 Nfh7 30.Ng4 Bg7 31.Ne3 Nf6 32.Qd1
Qd8 33.Qb1 Nh5 34.Be2 Nf4 35.Bg4 Bxg4  0-1

[Event "1. Bundesliga 2017/2018"]
[Site "St.Veit/Glan"]
[Date "2018.04.06"]
[Round "10"]
[Board "1"]
[White "Haba, Petr"]
[Black "Studer, Noël"]
[Result "0-1"]
[WhiteElo "2454"]
[BlackElo "2463"]
[PlyCount "62"]
[EventDate "2017.11.16"]
[EventType "team"]
[EventRounds "11"]
[EventCountry "AUT"]
[WhiteTeam "Grieskirchen/Bad Schallerbach"]
[BlackTeam "SIR Royal Salzburg"]

1.e4 e6 2.d4 d5 3.e5 c5 4.c3 Nc6 5.Nf3 Qb6 6.a3 Nh6 7.b4 cxd4 8.cxd4 Nf5 9.Be3 f6
10.exf6 gxf6 11.Nc3 Nxe3 12.fxe3 Bh6 13.Qd2 Ne7 14.Bb5+ Kd8 15.Bd3 Bd7 16.b5 Qd6 17.Na4
b6 18.O-O Rc8 19.Qf2 Ng6 20.Rfe1 Rg8 21.Kh1 Kc7 22.Nc3 Kb8 23.Qb2 Bf8 24.Reb1 e5 25.e4
Nf4 26.Bf1 Bg4 27.dxe5 fxe5 28.Nd2 d4 29.Na2 Be2 30.Bxe2 Rxg2 31.Bf1 Qg6  0-1

[Event "1. Bundesliga 2017/2018"]
[Site "St.Veit/Glan"]
[Date "2018.04.06"]
[Round "10"]
[Board "2"]
[White "Postny, Evgeny"]
[Black "Kilgus, Georg"]
[Result "1-0"]
[WhiteElo "2575"]
[BlackElo "2413"]
[PlyCount "91"]
[EventDate "2017.11.16"]
[EventType "team"]
[EventRounds "11"]
[EventCountry "AUT"]
[WhiteTeam "SIR Royal Salzburg"]
[BlackTeam "Grieskirchen/Bad Schallerbach"]

1.d4 d5 2.c4 e6 3.Nf3 c6 4.Nbd2 f5 5.g3 Nf6 6.Bg2 Bd6 7.O-O O-O 8.b3 Qe7 9.Bb2 b6
10.Ne5 Bb7 11.Rc1 Na6 12.e3 Rac8 13.Qe2 Nb8 14.Rfd1 Ne4 15.Ndf3 Rfd8 16.Nd3 dxc4 17.bxc4
c5 18.Nd2 Nxd2 19.Bxb7 Qxb7 20.Rxd2 Nd7 21.Nf4 Bxf4 22.exf4 Nf8 23.Rcd1 cxd4 24.Rxd4
Rxd4 25.Rxd4 Rc7 26.Rd8 Qc6 27.Ba3 Rc8 28.Qd3 Qc7 29.Rd6 h6 30.h4 Kh7 31.Qd4 Qf7 32.c5
bxc5 33.Bxc5 Rc7 34.Ra6 Rd7 35.Rxa7 Rxd4 36.Rxf7 Rd1+ 37.Kg2 Nd7 38.Bb4 Kg6 39.Re7
Kf6 40.Re8 Nb6 41.h5 Nd7 42.Rd8 Kf7 43.a4 Rd4 44.Bc3 Rd3 45.Rc8 g6 46.a5  1-0

[Event "1. Bundesliga 2017/2018"]
[Site "St.Veit/Glan"]
[Date "2018.04.06"]
[Round "10"]
[Board "3"]
[White "Schwabeneder, Florian"]
[Black "Prusikin, Michael"]
[Result "1/2-1/2"]
[WhiteElo "2422"]
[BlackElo "2514"]
[PlyCount "79"]
[EventDate "2017.11.16"]
[EventType "team"]
[EventRounds "11"]
[EventCountry "AUT"]
[WhiteTeam "Grieskirchen/Bad Schallerbach"]
[BlackTeam "SIR Royal Salzburg"]

1.e4 c6 2.Nc3 d5 3.Nf3 Bg4 4.h3 Bxf3 5.Qxf3 Nf6 6.Be2 e6 7.O-O Bc5 8.d3 Nbd7 9.Nb1
Qc7 10.Nd2 O-O 11.c3 Bd6 12.g3 Rfe8 13.Bd1 e5 14.Qe2 a5 15.Nf3 a4 16.Nh4 g6 17.Nf3
Nc5 18.Bc2 Ne6 19.Ng5 Nxg5 20.Bxg5 Nd7 21.h4 h5 22.a3 Nc5 23.Rad1 Ne6 24.Bc1 d4 25.c4
Rf8 26.Bh6 Rfe8 27.Rde1 Qe7 28.Qd1 Nc5 29.Bg5 Qe6 30.Kg2 f5 31.exf5 Qxf5 32.f3 Rf8
33.Qe2 Rae8 34.Bd2 b5 35.cxb5 cxb5 36.Bb1 Kg7 37.Bb4 Nb7 38.Bd2 Nc5 39.Bb4 Nb7 40.Bd2  1/2-1/2

[Event "1. Bundesliga 2017/2018"]
[Site "St.Veit/Glan"]
[Date "2018.04.06"]
[Round "10"]
[Board "4"]
[White "Pitl, Gregory"]
[Black "Singer, Christoph"]
[Result "0-1"]
[WhiteElo "2394"]
[BlackElo "2350"]
[PlyCount "64"]
[EventDate "2017.11.16"]
[EventType "team"]
[EventRounds "11"]
[EventCountry "AUT"]
[WhiteTeam "SIR Royal Salzburg"]
[BlackTeam "Grieskirchen/Bad Schallerbach"]

1.e4 e5 2.Nf3 Nc6 3.d4 exd4 4.Nxd4 Nf6 5.Nxc6 bxc6 6.e5 Ne4 7.Qd4 Nc5 8.Be2 Be7 9.O-O
O-O 10.Nd2 d5 11.Nb3 Ne6 12.Qe3 f6 13.exf6 Bxf6 14.c4 Re8 15.Qf3 a5 16.Be3 d4 17.Bd2
a4 18.Na5 d3 19.Bxd3 Nd4 20.Qh5 g6 21.Qh6 Nf3+ 22.gxf3 Qxd3 23.Rae1 Bf5 24.Re3 Qd7
25.b4 Bd4 26.Bc3 Bxe3 27.fxe3 Re7 28.Bd4 Bh3 29.Rd1 Rae8 30.Rd2 Qf5 31.Nxc6 Rf7 32.f4
Qg4+  0-1

[Event "1. Bundesliga 2017/2018"]
[Site "St.Veit/Glan"]
[Date "2018.04.06"]
[Round "10"]
[Board "5"]
[White "Webersberger, Johann"]
[Black "Tischbierek, Raj"]
[Result "1/2-1/2"]
[WhiteElo "2341"]
[BlackElo "2434"]
[PlyCount "85"]
[EventDate "2017.11.16"]
[EventType "team"]
[EventRounds "11"]
[EventCountry "AUT"]
[WhiteTeam "Grieskirchen/Bad Schallerbach"]
[BlackTeam "SIR Royal Salzburg"]

1.b3 e5 2.Bb2 Nc6 3.e3 Nf6 4.Bb5 Bd6 5.Ne2 O-O 6.O-O Re8 7.f4 exf4 8.Nxf4 Be5 9.d4
Bxf4 10.exf4 d5 11.f5 Bd7 12.Nc3 Qe7 13.Qd2 Qe3+ 14.Qxe3 Rxe3 15.Rad1 Rae8 16.a3 h6
17.Bd3 a6 18.Nb1 Na7 19.a4 Nc8 20.Bc1 R3e7 21.Ba3 Nd6 22.Nc3 Bc6 23.Bxd6 cxd6 24.h3
h5 25.Kf2 Kh7 26.Rfe1 Kh6 27.Rxe7 Rxe7 28.Ne2 b5 29.a5 Kg5 30.Kf3 h4 31.g4 hxg3 32.Rg1
Ne4 33.Nxg3 Nxg3 34.Kxg3 Bd7 35.h4+ Kf6 36.Kf4 Re8 37.h5 Rh8 38.Rh1 Rh6 39.Rh2 Be8
40.Re2 Bd7 41.Rh2 Rh8 42.Rh1 Bc8 43.b4  1/2-1/2

[Event "1. Bundesliga 2017/2018"]
[Site "St.Veit/Glan"]
[Date "2018.04.06"]
[Round "10"]
[Board "6"]
[White "Durakovic, Alman"]
[Black "Lentrodt, Thomas"]
[Result "1-0"]
[WhiteElo "2279"]
[BlackElo "2276"]
[PlyCount "83"]
[EventDate "2017.11.16"]
[EventType "team"]
[EventRounds "11"]
[EventCountry "AUT"]
[WhiteTeam "SIR Royal Salzburg"]
[BlackTeam "Grieskirchen/Bad Schallerbach"]

1.d4 Nf6 2.c4 e6 3.Nc3 d5 4.cxd5 Nxd5 5.e4 Nxc3 6.bxc3 c5 7.Nf3 cxd4 8.cxd4 Bb4+ 9.Bd2
Bxd2+ 10.Qxd2 O-O 11.Bc4 Nc6 12.O-O b6 13.Rad1 Bb7 14.Rfe1 Rc8 15.d5 exd5 16.Bxd5
Qe7 17.e5 Nd8 18.Bxb7 Qxb7 19.Nd4 Ne6 20.Nf5 Rc5 21.Qe3 Qc7 22.Rd3 Rd8 23.Nd6 Rc2
24.f4 Qc6 25.Rd2 Rc1 26.Rxc1 Qxc1+ 27.Kf2 Qc5 28.f5 Qxe3+ 29.Kxe3 Nc5 30.Rd4 Kf8 31.Nb5
Re8 32.Rd5 a6 33.Nd6 Rd8 34.Kd4 Ke7 35.Nc4 Rxd5+ 36.Kxd5 Na4 37.Kc6 b5 38.Ne3 Nc3
39.Nd5+ Nxd5 40.Kxd5 Kd7 41.Kc5 Kc7 42.e6  1-0

[Event "1. Bundesliga 2017/2018"]
[Site "St.Veit/Glan"]
[Date "2018.04.06"]
[Round "10"]
[Board "1"]
[White "Nisipeanu, Liviu-Dieter"]
[Black "Sutovsky, Emil"]
[Result "1/2-1/2"]
[WhiteElo "2681"]
[BlackElo "2644"]
[PlyCount "56"]
[EventDate "2017.11.16"]
[EventType "team"]
[EventRounds "11"]
[EventCountry "AUT"]
[WhiteTeam "Schachklub Sparkasse Jenbach"]
[BlackTeam "Schachklub Absam"]

1.Nf3 Nf6 2.c4 g6 3.Nc3 d5 4.cxd5 Nxd5 5.e4 Nxc3 6.dxc3 Qxd1+ 7.Kxd1 f6 8.h4 e5 9.h5
g5 10.Be3 Nd7 11.Bc4 Nc5 12.Nd2 Bd7 13.Kc2 b5 14.Be2 a5 15.g4 Bd6 16.f3 Ke7 17.Nf1
b4 18.Ng3 Be6 19.Nf5+ Kf7 20.b3 a4 21.Bxc5 Bxc5 22.Bc4 Bxc4 23.bxc4 Rhb8 24.Rhd1 Ke6
25.Ng7+ Ke7 26.Nf5+ Ke6 27.Ng7+ Ke7 28.Nf5+ Ke6  1/2-1/2